Arrêts des lignes de bus 261 et 262 (actuelles 6161 et 6162 - IDF) - Statistiques

Statistiques générales
  • Ce quiz a été pris 29 fois
  • Le résultat moyen est 14 sur 42
Statistiques - réponses
Réponse % Correct
Cour de Buc - Gare des Chantiers
95%
Gare de Versailles Chantiers - États Généraux
95%
Buc - Ville
86%
Hôtel de Ville
81%
Gare de Versailles Château-Rive Gauche
76%
Gare de Saint-Rémy-lès-Chevreuse
71%
MLK - LFA
62%
261 Buc - Haut Pré
43%
Cerf Volant
43%
... Trou Salé
43%
Genevrière
38%
Arcades
33%
Audemars
33%
Bois des Gonards
33%
Centre
33%
Le Thuit
33%
Sente du Haras
33%
Blériot - Jean Casale
29%
Château - Massotte
29%
La Perruche
29%
Morane Saulnier
29%
Morane Saulnier
29%
Calmette
24%
Place
24%
Trinité
24%
Beauplan
19%
Boulangerie
19%
262 Farman
19%
Fourny
19%
Mare Chevalier
19%
Cabane
14%
261 Fort de Buc
14%
Le Buisson
14%
Route de Chevreuse
14%
Tabuteau
14%
Victor Hugo
14%
25 Arpents
10%
261 Buccollines
10%
Joseph Lemarchand
10%
Les Prés
10%
Place du 14 Juillet
10%
Roland Garros
10%
Aucun quiz correspondant
Distribution des résultats
% des personnes avec chaque résultat
Percentile par nombre de réponses
Votre historique - résultats
Vous n’avez pas pris ce quiz